El Consejo de Economía Nacional: un estudio sobre el origen de la representación de los intereses económicos en el estado español

Uloženo v:
Podrobná bibliografie
Hlavní autor: Martínez Mesa, Francisco José (autor)
Médium: Kniha
Jazyk:španělština
Vydáno: Madrid Consejo Económico y Social 1997
Vydání:1a. ed
Edice:Colección Estudios, 42
Témata:
Tagy: Přidat tag
Žádné tagy, Buďte první, kdo vytvoří štítek k tomuto záznamu!

MARC

LEADER 00000nam a2200000 a 4500
001 UCK3837
003 CL-VaPUC
008 050513e19970000SP |||||||||||||||||spa|d
020 |a 8481880515 
082 0 4 |a 338.946  |b MAR  |2 21 
100 |a Martínez Mesa, Francisco José  |e autor  |9 492181 
245 1 3 |a El Consejo de Economía Nacional: un estudio sobre el origen de la representación de los intereses económicos en el estado español 
250 |a 1a. ed 
300 |a 334 p 
942 |c BK 
945 |d 20050513 00:00:00  |a cmena 
260 |a Madrid  |b Consejo Económico y Social  |c 1997 
650 0 |a Desarrollo económico y social   |9 256320 
650 0 |a Política económica   |9 255029 
650 0 |a Estado y economía  |9 383167 
650 0 |a Política monetaria  |9 258279 
651 0 |a España  |9 254926 
583 |a last modification  |c 20050513 00:00:00  |k Rodrigo Vera 
490 0 |a Colección Estudios, 42 
999 |c 312889  |d 312887 
952 |0 0  |1 0  |4 0  |6 338_946000000000000_MAR_1997  |7 0  |8 A  |9 383735  |a BIBGIM  |b BIBGIM  |d 2019-11-22  |i 410000K  |o 338.946 MAR 1997  |p 410000K  |r 2025-01-15  |w 2019-11-22  |y BK  |k GIM